|
|
|
|
| LEADER |
01446nam a2200325 a 4500 |
| 001 |
1755 |
| 003 |
BD-DhAAL |
| 005 |
20150523104131.0 |
| 008 |
150523s1990 caua j b 001 0 eng |
| 010 |
|
|
|a 90042854
|
| 020 |
|
|
|a 0899084796 (lib.)
|
| 020 |
|
|
|a 0899084540 (pbk.)
|
| 040 |
|
|
|a DLC
|c DLC
|d DLC
|d BD-DhAAL
|
| 050 |
0 |
0 |
|a Z657
|b .C42 1990
|
| 082 |
0 |
0 |
|a 363.3/1
|2 20
|
| 245 |
0 |
0 |
|a Censorship :
|b opposing viewpoints /
|c Lisa Orr, book editor.
|
| 260 |
|
|
|a San Diego, CA :
|b Greenhaven Press,
|c c1990.
|
| 300 |
|
|
|a 238 p. :
|b ill. ;
|c 24 cm.
|
| 490 |
1 |
|
|a Opposing viewpoints series
|
| 504 |
|
|
|a Includes bibliographical references (p. 230-232) and index.
|
| 520 |
|
|
|a Presents opposing viewpoints about various aspects of censorship and freedom of speech. Includes critical thinking skill activities and a list of organizations to contact.
|
| 541 |
|
|
|e 1755
|
| 650 |
|
0 |
|a Censorship
|x Juvenile literature.
|9 11302
|
| 650 |
|
1 |
|a Censorship.
|9 11303
|
| 700 |
1 |
|
|a Orr, Lisa,
|d 1966-
|9 11304
|
| 830 |
|
0 |
|a Opposing viewpoints series (Unnumbered)
|9 8059
|
| 942 |
|
|
|2 ddc
|c BK
|
| 999 |
|
|
|c 34485
|d 34485
|
| 952 |
|
|
|0 0
|1 0
|2 ddc
|4 0
|6 363_310000000000000_CEN
|7 0
|9 53826
|a SCL
|b SCL
|c GEN
|d 2015-05-23
|e Gift: The Asia Foundation
|l 0
|o 363.31 CEN
|p 3020001755
|r 2015-05-23
|t 1
|w 2015-05-23
|y BK
|
| 952 |
|
|
|0 0
|1 0
|2 ddc
|4 0
|6 363_310000000000000_CEN
|7 0
|9 53827
|a SCL
|b SCL
|c GEN
|d 2015-05-23
|e Gift: The Asia Foundation
|l 0
|o 363.31 CEN
|p 3020001758
|r 2015-05-23
|t 2
|w 2015-05-23
|y BK
|